Statistiques concernant La Nouvelle-Orléans - Culture générale

Cliquez ici pour prendre le quiz!

Statistiques générales

  • Ce quiz a été pris 52 fois
  • Le résultat moyen est 10 sur 15

Statistiques - réponses

InformationRéponse% Correct
Nom de la ville en anglaisNew Orleans
100%
Style musical pour lequel ^ et la ville est célèbreJazz
98%
État américain où se trouve la villeLouisiane
98%
Trompettiste qui porte le même nom qu'un astronauteLouis Armstrong
94%
Fleuve autour duquel la ville s'articuleMississippi
88%
Célébration annuelle haute en couleur qui attire nombreux touristesCarnaval
82%
Golfe qui relie la ville à l'océanGolfe du {Mexique}
80%
Ouragan qui dévasta la ville en 2005Katrina
78%
Capitale actuelle de cet état qui remplaça La Nouvelle-OrléansBaton Rouge
78%
Film qui se déroule dans la ville réalisé par Elia Kazan (1951)Un {tramway} nommé Désir
55%
Nom ethnique des Français, anciens exilés qui y résidentCadiens
53%
Régent du Royaume de France au nom duquel la ville a été nomméePhilippe d'Orléans
43%
Franchise de NBA basée dans la villePelicans
37%
Surnom donné à La Nouvelle-OrléansThe Big {Easy}
16%
Grand lac d'eau salé au nord de la villeLac Pontchartrain
10%

Distribution des résultats

Percentile par nombre de réponses

% des personnes avec chaque résultat

Votre développement - résultats

Vous n’avez pas pris ce quiz